000 00403nam a2200169Ia 4500
008 230917s9999||||xx |||||||||||||| ||und||
020 _cRs.595.00
040 _e5013070
_aMAIN
041 _aEnglish
082 _a301.35 D451R
100 _aDesai, A R
245 0 _aRural sociology in india
250 _a5th ed.
260 _aBombay
_bPopular Prakashan
_c2001
300 _axx, 968 p.
942 _cBK
999 _c10409
_d10409